Statistics for Largest River Basins by Area on a Map

Click here to take the quiz!

General Stats

  • This quiz has been taken 553 times
  • The average score is 7 of 10

Answers on the Map

Answers color-coded by a green-red scale on the quiz's map according to % correct below.
Loading ...
 

Answer Stats

Area (km²)River Basin% Correct
6,145,186Amazon River
100%
3,254,853Nile River
100%
3,202,185Mississippi-Missouri River
100%
3,730,881Congo River
96%
2,261,741Niger River
91%
2,582,704Paraná River
74%
2,982,493Ob River
55%
1,929,955Amur River
53%
2,306,743Lena River
45%
2,554,388Yenisei River
32%

Score Distribution

Percentile by Number Answered

Percent of People with Each Score

Your Score History

You have not taken this quiz